All Of The Girls You Loved Before - Taylor Swift (All Lyrics) - Statistics

General Stats
  • This quiz has been taken 47 times
  • The average score is 281 of 325
Answer Stats
Lyrics % Correct
girls
100%
I
100%
(I
100%
love
100%
on
100%
the
100%
The
100%
you
100%
your
100%
Your
100%
A
97%
a
97%
all
97%
All
97%
(All
97%
before
97%
I'm
97%
loved
97%
No
97%
of
97%
one
97%
so
97%
and
94%
And
94%
But
94%
for
94%
in
94%
In
94%
me
94%
me)
94%
to
94%
When
94%
you're
94%
is
91%
I've
91%
Made
91%
made
91%
more
91%
more)
91%
Now
91%
now
91%
some
91%
say
89%
someone
89%
think
89%
can
86%
Every
86%
fallen
86%
mine
86%
nights
86%
not
86%
thankful
86%
that
86%
up
86%
up,
86%
are
83%
call
83%
fights
83%
late
83%
name
83%
need,
83%
need
83%
need),
83%
over
83%
phone
83%
"baby"
80%
good
80%
goodbye
80%
how
80%
Lame
80%
remember
80%
there's
80%
with
80%
dead
77%
(Dead
77%
end
77%
forever
77%
here
77%
lady
77%
led
77%
like
77%
Like
77%
out
77%
straight
77%
(Straight
77%
street
77%
street)
77%
alone
74%
around
74%
feelin'
74%
heart
74%
knew
74%
past
74%
town
74%
Treat
74%
way
74%
cannot
71%
Cryin'
71%
drawn
71%
feels
71%
just
71%
mornin'
71%
(Ooh)
71%
teach
71%
they
71%
Wake
71%
brought
69%
Fake
69%
handwriting,
69%
intertwined
69%
kind
69%
lines
69%
mother
69%
parallel
69%
taught
69%
time
69%
wanna
69%
Whose
69%
woman
69%
aligned
66%
bathroom
66%
dude
66%
know
66%
loyal
66%
sayin'
66%
someone's
66%
Teenage
66%
why
66%
into
63%
It's
63%
killin'
63%
makin'
63%
without
63%
amazing
60%
sixteen
60%
everything
57%
home,
57%
Leave
57%
makeup
57%
one's
57%
Sneakin'
57%
hands,
54%
Holdin'
54%
wild
51%
Breakin'
49%
Secret
49%
jokes
46%
Stars
14%
No matching quizzes found
Score Distribution
Percent of People with Each Score
Percentile by Number Answered
Your Score History
You have not taken this quiz